Akta Pengurusan Danaharta Nasional Berhad 1998(Akta 587) & Pengurusan Danaharta Nasional Berhad Act 1998 (Act 587) (hingga 1 hb Januari 1999)

Bibliographic Details
Corporate Author: Lembaga Penyelidikan Undang-Undang
Format: Book
Published: Kuala Lumpur : International Law Book Services , 1999
Subjects:

MARC

LEADER 00000cam a2200000 7i4500
001 0000007122
005 20050622.0
020 |a 9678909782 
040 |a INS 
090 0 0 |a HG3751   |b A3158 1999 
245 1 0 |a Akta Pengurusan Danaharta Nasional Berhad 1998(Akta 587) & Pengurusan Danaharta Nasional Berhad Act 1998 (Act 587) (hingga 1 hb Januari 1999)   |c disusun oleh Lembaga Penyelidikan Undang-Undang 
260 |a Kuala Lumpur :   |b International Law Book Services ,   |c 1999 
300 |a 125p ;   |c 25 cm. 
650 0 0 |a Danaharta Nasional Berhad 
650 0 0 |a Financial institution   |x Law and legislation   |z Malaysia 
710 2 |a Lembaga Penyelidikan Undang-Undang 
999 |a 0000007671   |b BOOK   |c Acts   |e Default branch